[Event "XI Weekend A"]
[Site "Ceriano Laghetto ITA"]
[Date "2002.01.27"]
[Round "3"]
[White "Genovese, Maurizio"]
[Black "Pace, Pietro Dario"]
[Result "1-0"]
[WhiteElo "2280"]
[BlackElo "2116"]
[PlyCount "49"]
[EventDate "2002.01.26"]

1.d4 Nf6 2.c4 e6 3.Nc3 Bb4 4.Bg5 d5 5.e3 O-O 6.Qb3 Bxc3+ 7.bxc3 c6 8.Nf3 
Nbd7 9.Bd3 Re8 10.O-O h6 11.Bh4 g5 12.Bg3 Ne4 13.Rad1 Nxg3 14.fxg3 g4 15.
Nh4 Qg5 16.cxd5 cxd5 17.Rde1 Rb8 18.e4 dxe4 19.Rxe4 Rf8 20.Ref4 a6 21.Bb1 
b5 22.Ng6 Re8 23.Rxf7 Rb7 24.Qc2 Nf6 25.R7xf6 1-0

[Event "XI Weekend A"]
[Site "Ceriano Laghetto ITA"]
[Date "2002.01.27"]
[Round "3"]
[White "Lapiccirella, Daniele"]
[Black "Rettore, Ludwig"]
[Result "1/2-1/2"]
[WhiteElo "2084"]
[BlackElo "2169"]
[PlyCount "57"]
[EventDate "2002.01.26"]

1.d4 c5 2.dxc5 e6 3.Nf3 Bxc5 4.e3 Nf6 5.c4 O-O 6.Nc3 b6 7.Be2 Bb7 8.O-O d5
9.a3 Be7 10.cxd5 Nxd5 11.Nxd5 Qxd5 12.Qxd5 Bxd5 13.Nd4 Nc6 14.Nb5 Rad8 15.
Nc3 Bb3 16.Bd1 Na5 17.e4 Bxd1 18.Rxd1 Rxd1+ 19.Nxd1 Nb3 20.Rb1 Rd8 21.Be3 
Nd2 22.Bxd2 Rxd2 23.Kf1 Bf6 24.Rc1 Kf8 25.Ke1 Rd4 26.f3 Ke7 27.Ke2 Kd7 28.
Rc2 Be7 29.Ne3 1/2-1/2

[Event "XI Weekend A"]
[Site "Ceriano Laghetto ITA"]
[Date "2002.01.27"]
[Round "3"]
[White "Pace, Roberto"]
[Black "Crippa, Gabriele"]
[Result "1/2-1/2"]
[WhiteElo "2069"]
[BlackElo "2124"]
[PlyCount "79"]
[EventDate "2002.01.26"]

1.e4 e6 2.d4 d5 3.e5 c5 4.c3 Qb6 5.Nf3 Nc6 6.Be2 Nh6 7.b3 cxd4 8.cxd4 Nf5 
9.Bb2 Bb4+ 10.Kf1 Be7 11.Nc3 O-O 12.Na4 Qd8 13.Rc1 f6 14.g4 Nh6 15.Rg1 
fxe5 16.dxe5 Nf7 17.Nc5 Ng5 18.Nd3 Ne4 19.Kg2 Bd7 20.Rf1 Qb6 21.Nd2 Be8 
22.f3 Nxd2 23.Qxd2 Bg6 24.Kg3 a5 25.h4 h6 26.Nf4 Bb4 27.Bc3 Nxe5 28.a3 
Bxc3 29.Qxc3 Rxf4 30.Qxe5 Raf8 31.h5 Be8 32.Rc7 R4f7 33.Rc8 Bd7 34.Rc7 Bb5
35.Rxf7 Rxf7 36.Bxb5 Qxb5 37.Rc1 Qxb3 38.Rc3 Qd1 39.Qxe6 Qg1+ 40.Kh3 
1/2-1/2

[Event "XI Weekend A"]
[Site "Ceriano Laghetto ITA"]
[Date "2002.01.27"]
[Round "3"]
[White "Perissinotto, Claudio"]
[Black "Tramalloni, Luca"]
[Result "1-0"]
[WhiteElo "2076"]
[BlackElo "2131"]
[PlyCount "121"]
[EventDate "2002.01.26"]

1.e4 c5 2.c3 e6 3.d4 d5 4.exd5 exd5 5.Nf3 Nc6 6.Be3 cxd4 7.Nxd4 Bd6 8.Be2 
Nf6 9.Nd2 O-O 10.O-O h6 11.N2b3 a6 12.Bf3 Ne5 13.Qc2 Neg4 14.g3 Nxe3 15.
fxe3 g6 16.Rad1 Qe7 17.Rfe1 Re8 18.Nd2 Bc5 19.e4 dxe4 20.Nxe4 Bf5 21.Nxf6+
Qxf6 22.Qd2 Rxe1+ 23.Rxe1 Rd8 24.Bxb7 Qb6 25.Bf3 Bxd4+ 26.cxd4 Rxd4 27.Qf2
Qd6 28.Qe3 Kg7 29.Qe5+ Qxe5 30.Rxe5 Kf6 31.Ra5 Bc8 32.Be2 Rd6 33.b4 Bb7 
34.Kf2 Ke7 35.Re5+ Kd8 36.Ke3 Kc7 37.Re7+ Rd7 38.Rxd7+ Kxd7 39.Kd4 Kd6 40.
Bc4 f6 41.Bd3 f5 42.a4 Bc6 43.a5 Bb7 44.b5 axb5 45.Bxb5 Ba8 46.a6 g5 47.
Bd3 Ke6 48.Ke3 Ke5 49.Be2 Kd6 50.Bf3 Bxf3 51.Kxf3 Kc6 52.Ke3 Kb6 53.Kd4 f4
54.gxf4 gxf4 55.Ke4 f3 56.Kxf3 Kxa6 57.Kg4 Kb6 58.Kh5 Kc7 59.Kxh6 Kd6 60.
Kg7 Ke6 61.h4 1-0

[Event "XI Weekend A"]
[Site "Ceriano Laghetto ITA"]
[Date "2002.01.27"]
[Round "3"]
[White "Zacco, Remo"]
[Black "Di Lazzaro, Gabriele"]
[Result "0-1"]
[WhiteElo "1821"]
[BlackElo "1841"]
[PlyCount "106"]
[EventDate "2002.01.26"]

1.e4 d5 2.exd5 Nf6 3.c4 c6 4.Qa4 e6 5.dxe6 Bxe6 6.Nf3 Bc5 7.Be2 Ne4 8.O-O 
Qb6 9.d4 Bxd4 10.Nxd4 Qxd4 11.Qd1 Qb6 12.b3 O-O 13.Qc2 Nf6 14.c5 Qb4 15.
Ba3 Qf4 16.Nc3 Nbd7 17.Rad1 Rad8 18.Bf3 Ne5 19.Be2 Rxd1 20.Qxd1 Nd5 21.Qc1
Qxc1 22.Rxc1 Nxc3 23.Rxc3 Rd8 24.Bc1 f6 25.f3 Kf7 26.Kf2 Bd5 27.a3 Re8 28.
Bd1 Rd8 29.Bc2 g6 30.Re3 Nd7 31.Rc3 Nf8 32.Be3 Ne6 33.b4 Nc7 34.a4 Be6 35.
Bb3 Bxb3 36.Rxb3 a6 37.Bf4 Ne6 38.Bd6 Nd4 39.Rb2 Nf5 40.Bf4 g5 41.Bd2 Rd3 
42.b5 axb5 43.axb5 cxb5 44.g4 Nd4 45.Be3 Nb3 46.Rc2 Na5 47.Ke2 Rb3 48.Bd4 
Nc4 49.Rc1 Ke6 50.Kf2 Rd3 51.Re1+ Kf7 52.Re4 Rd2+ 53.Kg3 Rd3 0-1

[Event "XI Weekend A"]
[Site "Ceriano Laghetto ITA"]
[Date "2002.02.02"]
[Round "4"]
[White "Bisignano, Giuseppe"]
[Black "Tramalloni, Luca"]
[Result "0-1"]
[WhiteElo "1845"]
[BlackElo "2131"]
[PlyCount "128"]
[EventDate "2002.01.26"]

1.e4 c5 2.Nf3 d6 3.d4 cxd4 4.Nxd4 Nf6 5.Nc3 e6 6.Bc4 Be7 7.O-O O-O 8.f4 
Qc7 9.Bb3 Na6 10.f5 Nc5 11.fxe6 fxe6 12.Qe2 Nxb3 13.axb3 a6 14.Be3 Bd7 15.
Qc4 Qxc4 16.bxc4 Ng4 17.Bd2 Bf6 18.Nf3 Bc6 19.Rae1 Rac8 20.h3 Ne5 21.b3 
Bd7 22.Rd1 b5 23.Nxe5 Bxe5 24.Rxf8+ Kxf8 25.Be1 bxc4 26.b4 Rb8 27.Rb1 Bc6 
28.Bd2 Ke7 29.Re1 Bd4+ 30.Kh2 Rf8 31.Nd1 Kd7 32.Re2 Rf1 33.Nc3 Ra1 34.g3 
Ba4 35.Nxa4 Rxa4 36.c3 Be5 37.Kg2 Ra2 38.Kf3 Rc2 39.Be1 Rxe2 40.Kxe2 Kc6 
41.Kd2 d5 42.exd5+ Kxd5 43.Ke3 Bf6 44.g4 Bg5+ 45.Kf3 Bc1 46.Ke2 Ke4 47.Bg3
Bf4 48.Bf2 Be5 49.Be1 Bf6 50.Bd2 g6 51.Be1 Kf4 52.Bd2+ Kg3 53.g5 Be7 54.
Be3 Kxh3 55.Kf3 Kh4 56.Ke4 Bxg5 57.Bf2+ Kg4 58.Kd4 h5 59.Kxc4 h4 60.Kd3 
Kf3 61.Bg1 Kg2 62.Bd4 Bf4 63.Ke4 e5 64.c4 exd4 0-1

[Event "XI Weekend A"]
[Site "Ceriano Laghetto ITA"]
[Date "2002.02.02"]
[Round "4"]
[White "Contin, Daniel"]
[Black "Barlocco, Carlo"]
[Result "1-0"]
[WhiteElo "2358"]
[BlackElo "2120"]
[PlyCount "73"]
[EventDate "2002.01.26"]

1.c4 c6 2.e4 e5 3.Nf3 d6 4.d4 exd4 5.Nxd4 Nf6 6.Nc3 Be7 7.g3 O-O 8.Bg2 Re8
9.O-O Nbd7 10.h3 Nc5 11.b4 Ne6 12.Nf5 Nc7 13.Nxe7+ Qxe7 14.Bf4 Rd8 15.Qc2 
Be6 16.Rfe1 Bxc4 17.Nd5 cxd5 18.exd5 Qd7 19.Qxc4 Rac8 20.Qd3 Re8 21.Be3 b6
22.a4 Re5 23.f4 Re7 24.a5 bxa5 25.Rxa5 a6 26.Rc1 Nb5 27.Rc6 Rce8 28.Bb6 
Qb7 29.Bf2 Nc7 30.Rb6 Qa8 31.Rxd6 Ne4 32.Bxe4 Rxe4 33.Rc6 Qc8 34.Rac5 Qf5 
35.Kg2 Nb5 36.Rxa6 h5 37.d6 1-0

[Event "XI Weekend A"]
[Site "Ceriano Laghetto ITA"]
[Date "2002.02.02"]
[Round "4"]
[White "Crippa, Gabriele"]
[Black "Gagliardi, Christian"]
[Result "0-1"]
[WhiteElo "2124"]
[BlackElo "2133"]
[PlyCount "99"]
[EventDate "2002.01.26"]

1.d4 Nf6 2.Nf3 g6 3.Bg5 Bg7 4.c3 O-O 5.Nbd2 d6 6.e4 Nbd7 7.Bc4 e5 8.dxe5 
dxe5 9.h4 h6 10.h5 gxh5 11.Be3 Ng4 12.Qe2 Nxe3 13.Qxe3 Nb6 14.Bb3 Qf6 15.
Rxh5 a5 16.a3 a4 17.Ba2 Re8 18.Rh4 Nd7 19.O-O-O Nf8 20.Rdh1 Ra6 21.g4 Qf4 
22.Qxf4 exf4 23.g5 hxg5 24.Nxg5 Rf6 25.Nxf7 Rxf7 26.Bxf7+ Kxf7 27.Rxf4+ 
Ke7 28.Rg1 Ne6 29.Rh4 Kf7 30.f4 Rh8 31.Rhg4 Rh7 32.f5 Nc5 33.Nf3 Bf6 34.
Kd2 Nd7 35.Rg8 Nf8 36.e5 Bg7 37.e6+ Kxg8 38.e7 Kf7 39.Ng5+ Kxe7 40.Nxh7 
Bh6+ 41.Kd1 Bxf5 42.Re1+ Kf7 43.Rf1 Kg6 44.Nxf8+ Bxf8 45.Rf4 b5 46.c4 c6 
47.cxb5 cxb5 48.Rf2 Bh6 49.Rg2+ Kf6 50.Rg8 0-1

[Event "XI Weekend A"]
[Site "Ceriano Laghetto ITA"]
[Date "2002.02.02"]
[Round "4"]
[White "Dal Zovo, Claudio"]
[Black "Zacco, Remo"]
[Result "1-0"]
[WhiteElo "1804"]
[BlackElo "1821"]
[PlyCount "143"]
[EventDate "2002.01.26"]

1.d4 Nf6 2.Nf3 e6 3.e3 b6 4.Bd3 Bb7 5.Nbd2 Be7 6.b3 d6 7.Bb2 Nbd7 8.O-O 
O-O 9.c4 c5 10.Qc2 Qc7 11.Rfe1 e5 12.d5 Rfe8 13.Ne4 Rad8 14.Neg5 Nf8 15.
Nh4 Bc8 16.f4 h6 17.fxe5 dxe5 18.Ngf3 Bd6 19.e4 g6 20.Re2 Nh5 21.g3 Bg4 
22.Rf1 Nh7 23.Bc1 Bf8 24.Ref2 Bh3 25.Re1 N7f6 26.Bf1 Bc8 27.Ng2 Bg7 28.Ne3
Re7 29.Bg2 Ne8 30.d6 Rxd6 31.Nd5 Qd8 32.Nxe7+ Qxe7 33.Rd1 Rc6 34.Rfd2 Kh7 
35.Bb2 Bf6 36.Rd3 Bg4 37.Bc1 Nhg7 38.h3 Bc8 39.Qd2 g5 40.h4 Bg4 41.hxg5 
hxg5 42.Kf2 Ne6 43.Rd7 Qf8 44.Rxa7 Rd6 45.Qc2 Kg6 46.Rxd6 Nxd6 47.Bb2 Qb8 
48.Ra4 Nb7 49.Qd3 Nd4 50.Nxd4 cxd4 51.b4 Bd7 52.Ra3 Be7 53.Qd2 Nd8 54.Bc1 
Nc6 55.Rb3 f6 56.a3 Bg4 57.Bf3 Be6 58.Be2 Qh8 59.Bf1 Qh2+ 60.Ke1 Qh1 61.
Qe2 Bh3 62.Rf3 Bg4 63.Rxf6+ Bxf6 64.Qxg4 d3 65.Qf5+ Kf7 66.Bxg5 Qh8 67.
Qxf6+ Qxf6 68.Bxf6 Ke6 69.Bg5 Nd4 70.Bd8 Nc2+ 71.Kd2 Nxa3 72.Bxd3 1-0

[Event "XI Weekend A"]
[Site "Ceriano Laghetto ITA"]
[Date "2002.02.02"]
[Round "4"]
[White "Di Lazzaro, Gabriele"]
[Black "Lapiccirella, Daniele"]
[Result "0-1"]
[WhiteElo "1841"]
[BlackElo "2084"]
[PlyCount "56"]
[EventDate "2002.01.26"]

1.e4 c5 2.c3 d5 3.exd5 Qxd5 4.d4 cxd4 5.cxd4 Nc6 6.Nf3 e5 7.Nc3 Bb4 8.Bd2 
Bxc3 9.Bxc3 e4 10.Ne5 Nxe5 11.dxe5 Ne7 12.Be2 Bf5 13.O-O O-O 14.Qa4 Bd7 
15.Qa3 Nf5 16.Rfd1 Qc6 17.Bg4 a6 18.Rac1 Rac8 19.h3 Be6 20.Bb4 Qxc1 21.
Bxf8 Qc2 22.Bd6 Nh6 23.Re1 Bxg4 24.hxg4 Nxg4 25.Qg3 h5 26.Qh4 Qd2 27.Rf1 
Rc1 28.g3 Qxf2+ 0-1

[Event "XI Weekend A"]
[Site "Ceriano Laghetto ITA"]
[Date "2002.02.02"]
[Round "4"]
[White "Pace, Pietro Dario"]
[Black "Pace, Roberto"]
[Result "1-0"]
[WhiteElo "2116"]
[BlackElo "2069"]
[PlyCount "91"]
[EventDate "2002.01.26"]

1.e4 e5 2.Nf3 Nc6 3.Bb5 a6 4.Ba4 Nf6 5.O-O Be7 6.Re1 b5 7.Bb3 d6 8.c3 O-O 
9.h3 Na5 10.Bc2 c5 11.d3 Qc7 12.Nbd2 Bd7 13.Nf1 Nc6 14.Ne3 Rad8 15.Nd5 
Nxd5 16.exd5 Nb8 17.d4 cxd4 18.cxd4 Rc8 19.Bd3 f6 20.Bd2 Qb7 21.Qb3 Be8 
22.dxe5 fxe5 23.Ng5 Bxg5 24.Bxg5 Nd7 25.Qd1 Nc5 26.Bc2 b4 27.Re2 Bf7 28.
Rd2 Qd7 29.Be3 a5 30.Qb1 g6 31.Bh6 Rfe8 32.Qd1 Qe7 33.Qg4 Qf6 34.Bg5 Qg7 
35.Qh4 h5 36.g4 hxg4 37.Bh6 Qh7 38.hxg4 e4 39.Kg2 Re5 40.Rad1 Be8 41.Rh1 
g5 42.Bxg5 Qxh4 43.Bxh4 Bf7 44.Bf6 Bg6 45.Rh8+ Kf7 46.Bxe5 1-0

[Event "XI Weekend A"]
[Site "Ceriano Laghetto ITA"]
[Date "2002.02.02"]
[Round "4"]
[White "Qendro, Llambi"]
[Black "Genovese, Maurizio"]
[Result "1-0"]
[WhiteElo "2337"]
[BlackElo "2280"]
[PlyCount "127"]
[EventDate "2002.01.26"]

1.d4 d5 2.c4 e6 3.Nf3 Nf6 4.g3 c6 5.Qc2 Nbd7 6.Bg2 Bb4+ 7.Nbd2 Ne4 8.a3 
Bxd2+ 9.Nxd2 Nxd2 10.Bxd2 f5 11.O-O O-O 12.Bf4 Nf6 13.c5 Qe8 14.Bd6 Rf7 
15.Rac1 Nd7 16.f3 e5 17.e4 exd4 18.exd5 Nf6 19.Rfe1 Qd8 20.dxc6 bxc6 21.
Qc4 d3 22.Rcd1 f4 23.Qxd3 fxg3 24.hxg3 Bd7 25.Qc4 Nd5 26.f4 Qf6 27.Bxd5 
cxd5 28.Qxd5 Rc8 29.Re7 Bc6 30.Rxf7 Qxf7 31.Qxf7+ Kxf7 32.Kf2 Re8 33.Be5 
g5 34.Ke3 gxf4+ 35.Kxf4 Ke7 36.Rd6 Rf8+ 37.Ke3 Bb7 38.c6 Bc8 39.Rh6 Rf7 
40.b4 Bf5 41.Rd6 Bg4 42.c7 Rf3+ 43.Kd4 Rxa3 44.Rd8 a5 45.Bd6+ Kf6 46.Rf8+ 
Kg7 47.c8=Q Bxc8 48.Rxc8 axb4 49.Rb8 Rf3 50.Ke4 Rf1 51.Rxb4 Kg6 52.Bf4 
Re1+ 53.Be3 Re2 54.Rb6+ Kf7 55.Kf4 Re1 56.Bd4 Rd1 57.Be5 Rh1 58.g4 Rf1+ 
59.Kg5 Rg1 60.Kf5 Rf1+ 61.Bf4 Rf2 62.Rb7+ Kg8 63.Kg5 Re2 64.Kf6 1-0

[Event "XI Weekend A"]
[Site "Ceriano Laghetto ITA"]
[Date "2002.02.02"]
[Round "4"]
[White "Rettore, Ludwig"]
[Black "Perissinotto, Claudio"]
[Result "1-0"]
[WhiteElo "2169"]
[BlackElo "2076"]
[PlyCount "37"]
[EventDate "2002.01.26"]

1.e4 e5 2.Nf3 Nc6 3.Bc4 Nf6 4.d4 exd4 5.O-O Nxe4 6.Re1 d5 7.Bxd5 Qxd5 8.
Nc3 Qh5 9.Nxe4 Be6 10.Bg5 h6 11.Bf6 Qg6 12.Bh4 f5 13.Nf6+ Kf7 14.Rxe6 Kxe6
15.Qe2+ Kd6 16.Bg3+ Qxg3 17.hxg3 gxf6 18.Re1 Kc5 19.Qe6 1-0

[Event "XI Weekend A"]
[Site "Ceriano Laghetto ITA"]
[Date "2002.02.03"]
[Round "5"]
[White "Barlocco, Carlo"]
[Black "Lapiccirella, Daniele"]
[Result "0-1"]
[WhiteElo "2120"]
[BlackElo "2084"]
[PlyCount "88"]
[EventDate "2002.01.26"]

1.d4 d5 2.Bf4 Nf6 3.e3 c6 4.c4 Bf5 5.Nc3 e6 6.Nf3 Bd6 7.Ne5 O-O 8.Qb3 b6 
9.Be2 dxc4 10.Qxc4 b5 11.Qb3 a6 12.Bf3 Ra7 13.O-O h6 14.Rfd1 Rc7 15.Bg3 
Qe7 16.Rac1 Rfc8 17.a4 b4 18.Ne2 Be4 19.Nc4 Bxg3 20.hxg3 Bd5 21.Qd3 Bxc4 
22.Rxc4 c5 23.Rdc1 Nbd7 24.R4c2 Qd6 25.a5 Ne5 26.Qd2 Nxf3+ 27.gxf3 c4 28.
Kg2 b3 29.Rc3 Nd5 30.Ra1 Nxc3 31.Nxc3 Rd8 32.Qe2 Qc6 33.Kh2 e5 34.dxe5 Rd3
35.e4 Qc5 36.Nd5 Rb7 37.Kg2 Qd4 38.Ne3 Rd2 39.Qxc4 Qxc4 40.Nxc4 Rc2 41.Nd6
Rbc7 42.Nf5 Rxb2 43.Ra3 Rb7 44.Nd6 Ra2 0-1

[Event "XI Weekend A"]
[Site "Ceriano Laghetto ITA"]
[Date "2002.02.03"]
[Round "5"]
[White "Dal Zovo, Claudio"]
[Black "Crippa, Gabriele"]
[Result "1/2-1/2"]
[WhiteElo "1804"]
[BlackElo "2124"]
[PlyCount "126"]
[EventDate "2002.01.26"]

1.d4 d5 2.Nf3 c5 3.e3 Nf6 4.Nbd2 Bg4 5.Be2 Nc6 6.c3 e6 7.Ne5 Nxe5 8.dxe5 
Bxe2 9.Qxe2 Nd7 10.f4 f5 11.exf6 Qxf6 12.e4 O-O-O 13.O-O c4 14.e5 Bc5+ 15.
Kh1 Qg6 16.b4 Bb6 17.a4 Rhf8 18.a5 Bc7 19.Nf3 Qh5 20.Be3 g5 21.g4 Qxg4 22.
Rg1 Qf5 23.Rxg5 Qe4 24.Rg2 Rg8 25.Rag1 Rg6 26.Ng5 Qf5 27.Qc2 Qxc2 28.Rxc2 
h6 29.Nf3 Rxg1+ 30.Kxg1 Rg8+ 31.Rg2 Rxg2+ 32.Kxg2 a6 33.Nd4 Nf8 34.Kg3 b6 
35.axb6 Bxb6 36.Kg4 Bxd4 37.Bxd4 Ng6 38.Be3 Ne7 39.Kf3 Kd7 40.Ke2 Kc6 41.
Kd2 Nf5 42.Bf2 h5 43.Kc2 Kb5 44.Kb2 Nh6 45.h3 Ka4 46.Be3 Nf5 47.Bf2 Ne7 
48.Bc5 Nf5 49.Bf2 Kb5 50.Kc2 Kc6 51.Kd2 Kd7 52.Ke2 Ke8 53.Kd2 Kf7 54.Ke2 
Kg6 55.Kd2 Ne7 56.Bc5 Nf5 57.Bf2 Ng7 58.Ke3 Ne8 59.Kd4 Kf5 60.Ke3 Nc7 61.
Be1 Nb5 62.Bd2 Na3 63.Kd4 Nb5+ 1/2-1/2

[Event "XI Weekend A"]
[Site "Ceriano Laghetto ITA"]
[Date "2002.02.03"]
[Round "5"]
[White "Gagliardi, Christian"]
[Black "Rettore, Ludwig"]
[Result "1/2-1/2"]
[WhiteElo "2133"]
[BlackElo "2169"]
[PlyCount "31"]
[EventDate "2002.01.26"]

1.Nf3 d5 2.g3 c6 3.Bg2 Bg4 4.d3 Nd7 5.Nbd2 e6 6.O-O Bd6 7.e4 Ne7 8.c3 O-O 
9.Qc2 a5 10.a4 Nc5 11.d4 Nxe4 12.Nxe4 dxe4 13.Qxe4 Bf5 14.Qe2 h6 15.Re1 
Nd5 16.Ne5 1/2-1/2

[Event "XI Weekend A"]
[Site "Ceriano Laghetto ITA"]
[Date "2002.02.03"]
[Round "5"]
[White "Pace, Roberto"]
[Black "Di Lazzaro, Gabriele"]
[Result "1/2-1/2"]
[WhiteElo "2069"]
[BlackElo "1841"]
[PlyCount "140"]
[EventDate "2002.01.26"]

1.e4 d5 2.exd5 Nf6 3.d4 Nxd5 4.Nf3 Bg4 5.Be2 e6 6.O-O Be7 7.c4 Nb6 8.Nc3 
O-O 9.Be3 c6 10.b3 N8d7 11.Ne4 Nf6 12.Ng3 Nh5 13.Ne4 Nf6 14.Nc3 h6 15.Qd2 
Bf5 16.Rad1 Bb4 17.Qb2 Be7 18.Ne5 Nfd7 19.f4 Qc7 20.Bf3 Rad8 21.a4 Nxe5 
22.dxe5 a5 23.Qf2 Nc8 24.Ne4 Rxd1 25.Rxd1 Rd8 26.Qf1 Rxd1 27.Qxd1 Qd8 28.
Qe2 Qf8 29.Qf2 Qd8 30.Qd2 Qxd2 31.Bxd2 Bxe4 32.Bxe4 Bc5+ 33.Kf1 Bb6 34.Ke2
Kf8 35.g4 Ke7 36.Kd3 Kd7 37.Bh7 Ne7 38.f5 exf5 39.gxf5 h5 40.Ke4 g6 41.Kf4
Nxf5 42.Ke4 Bd8 43.Bc3 b6 44.b4 axb4 45.Bxb4 c5 46.Bc3 Ke6 47.Bb2 Bc7 48.
Bc3 Ne7 49.Bb2 Nc6 50.Bg8 Ne7 51.Bh7 Nf5 52.Bc3 Nh6 53.h3 Nf5 54.Bg8 Ne7 
55.Bh7 Kd7 56.Bd2 Ke8 57.Bg5 Bd8 58.Bxe7 Kxe7 59.Kd5 g5 60.Bf5 Bc7 61.Bc8 
Kd8 62.Bf5 Ke7 63.Kc6 Bd8 64.Bc8 Ke8 65.Bf5 Ke7 66.Kb7 Kf8 67.Kc8 Ke8 68.
Kb8 f6 69.exf6 Bxf6 70.Bg6+ Kd7 1/2-1/2

[Event "XI Weekend A"]
[Site "Ceriano Laghetto ITA"]
[Date "2002.02.03"]
[Round "5"]
[White "Perissinotto, Claudio"]
[Black "Genovese, Maurizio"]
[Result "0-1"]
[WhiteElo "2076"]
[BlackElo "2280"]
[PlyCount "78"]
[EventDate "2002.01.26"]

1.e4 e5 2.Nf3 Nc6 3.Bb5 a6 4.Ba4 Nf6 5.O-O Be7 6.Re1 b5 7.Bb3 O-O 8.c3 d6 
9.h3 Nb8 10.d4 Nbd7 11.Nbd2 Bb7 12.Bc2 Re8 13.Nf1 Bf8 14.Ng3 g6 15.b3 Bg7 
16.Bb2 Nb6 17.Qd2 Nfd7 18.Rad1 Qf6 19.d5 Nc5 20.Bc1 h6 21.Nh2 h5 22.Nf3 
Qe7 23.Qe2 c6 24.dxc6 Bxc6 25.Ng5 Ne6 26.Nxe6 Qxe6 27.Be3 Nd7 28.Qd2 Bf8 
29.f3 Nf6 30.Bh6 Be7 31.Nf5 Red8 32.Nxe7+ Qxe7 33.Re3 Rd7 34.Rd3 d5 35.
exd5 Rxd5 36.Rxd5 Nxd5 37.Be4 Qc5+ 38.Qf2 Qxf2+ 39.Kxf2 Nxc3 0-1

[Event "XI Weekend A"]
[Site "Ceriano Laghetto ITA"]
[Date "2002.02.03"]
[Round "5"]
[White "Qendro, Llambi"]
[Black "Contin, Daniel"]
[Result "1/2-1/2"]
[WhiteElo "2337"]
[BlackElo "2358"]
[PlyCount "36"]
[EventDate "2002.01.26"]

1.d4 Nf6 2.c4 e6 3.Nf3 b6 4.g3 Ba6 5.Qc2 c5 6.Bg2 Nc6 7.dxc5 Bxc5 8.a3 Bb7
9.O-O O-O 10.Nc3 Rc8 11.Bf4 Be7 12.Rfd1 Na5 13.b3 d5 14.e4 Qe8 15.exd5 
exd5 16.Re1 dxc4 17.b4 Nb3 18.Rad1 Rd8 1/2-1/2

[Event "XI Weekend A"]
[Site "Ceriano Laghetto ITA"]
[Date "2002.02.03"]
[Round "5"]
[White "Tramalloni, Luca"]
[Black "Pace, Pietro Dario"]
[Result "1-0"]
[WhiteElo "2131"]
[BlackElo "2116"]
[PlyCount "75"]
[EventDate "2002.01.26"]

1.d4 Nf6 2.c4 e6 3.Nc3 b6 4.e4 d6 5.Bd3 Nbd7 6.Nf3 c5 7.d5 e5 8.O-O Be7 9.
Kh1 O-O 10.Ne1 Ne8 11.g3 g6 12.f4 exf4 13.gxf4 Bf6 14.Bd2 Nc7 15.Nf3 a6 
16.a4 Rb8 17.Qe1 Re8 18.Qg3 Bg7 19.Rae1 Nf6 20.e5 Nh5 21.Qg2 b5 22.cxb5 
dxe5 23.Nxe5 Bb7 24.Bc4 axb5 25.axb5 Nf6 26.Nc6 Bxc6 27.dxc6 Qd4 28.b3 
Red8 29.Rd1 Ne6 30.Be1 Qe3 31.Bd2 Rxd2 32.Qxd2 Qh3 33.Bxe6 fxe6 34.c7 Rf8 
35.Qd3 Qh5 36.b6 Ng4 37.Rd2 Bd4 38.b7 1-0

[Event "XI Weekend A"]
[Site "Ceriano Laghetto ITA"]
[Date "2002.02.03"]
[Round "5"]
[White "Zacco, Remo"]
[Black "Bisignano, Giuseppe"]
[Result "0-1"]
[WhiteElo "1821"]
[BlackElo "1845"]
[PlyCount "157"]
[EventDate "2002.01.26"]

1.e4 g6 2.d4 d6 3.Nc3 Bg7 4.Be3 Nd7 5.Nf3 c6 6.Qd2 Qa5 7.a3 Ngf6 8.b4 Qd8 
9.Bh6 O-O 10.Bxg7 Kxg7 11.e5 Nd5 12.Bd3 dxe5 13.dxe5 Qc7 14.Nxd5 cxd5 15.
O-O Nxe5 16.Nxe5 Qxe5 17.Rfe1 Qd6 18.f4 f6 19.Qe3 Re8 20.c4 d4 21.Qf3 Rb8 
22.c5 Qc7 23.Rad1 h5 24.f5 e5 25.fxg6 Bg4 26.Qe4 Bxd1 27.Rxd1 Qd7 28.Rf1 
Re7 29.Qh4 Rf8 30.Qxh5 Rh8 31.Qf3 Re6 32.Bf5 e4 33.Bxe4 Qc7 34.g3 Qe7 35.
Bd3 Re3 36.Qf5 Re5 37.Qf2 Rhh5 38.Rd1 Re3 39.a4 Rhe5 40.Bf1 Qd7 41.Qd2 d3 
42.b5 Qd4 43.Kg2 Re2+ 44.Bxe2 Rxe2+ 45.Qxe2 dxe2 46.Rxd4 e1=Q 47.Rf4 Qd1 
48.h4 Kxg6 49.Kh2 Qd5 50.Rg4+ Kh5 51.Rf4 Qxc5 52.Rxf6 Qc2+ 53.Kh3 Qc8+ 54.
Kh2 Qc2+ 55.Kh3 Qxa4 56.Rf5+ Kg6 57.Rg5+ Kf6 58.g4 Qb3+ 59.Kg2 Qc2+ 60.Kg3
Qd3+ 61.Kg2 Qe2+ 62.Kg3 Qe3+ 63.Kg2 Qe2+ 64.Kg3 Qe1+ 65.Kh3 a6 66.Rf5+ Ke6
67.bxa6 bxa6 68.h5 Qd2 69.Kh4 a5 70.Rf3 a4 71.Rg3 Qh2+ 72.Rh3 Qxh3+ 73.
Kxh3 a3 74.Kg3 a2 75.Kf4 a1=Q 76.g5 Kf7 77.Kf5 Qf1+ 78.Kg4 Kg7 79.Kh4 0-1

[Event "XI Weekend A"]
[Site "Ceriano Laghetto ITA"]
[Date "2002.02.03"]
[Round "6"]
[White "Bisignano, Giuseppe"]
[Black "Pace, Roberto"]
[Result "1-0"]
[WhiteElo "1845"]
[BlackElo "2069"]
[PlyCount "44"]
[EventDate "2002.01.26"]

1.e4 e5 2.Nf3 Nc6 3.Bc4 Nf6 4.d4 exd4 5.O-O d6 6.e5 Nxe5 7.Re1 Be7 8.Nxe5 
dxe5 9.Rxe5 O-O 10.Bg5 Bd6 11.Re1 h6 12.Bh4 Bxh2+ 13.Kxh2 g5 14.Bg3 Ng4+ 
15.Kg1 h5 16.c3 c5 17.cxd4 cxd4 18.Nd2 Qb6 19.Ne4 h4 20.Bd6 Rd8 21.Qf3 Nh6
22.Qf6 Bf5 1-0

[Event "XI Weekend A"]
[Site "Ceriano Laghetto ITA"]
[Date "2002.02.03"]
[Round "6"]
[White "Crippa, Gabriele"]
[Black "Perissinotto, Claudio"]
[Result "1/2-1/2"]
[WhiteElo "2124"]
[BlackElo "2076"]
[PlyCount "66"]
[EventDate "2002.01.26"]

1.d4 d5 2.Nf3 Nf6 3.Bg5 Nbd7 4.e3 e6 5.Bd3 c5 6.c3 Bd6 7.O-O Qc7 8.Nbd2 b6
9.e4 cxd4 10.Nxd4 Bxh2+ 11.Kh1 Bf4 12.Nb5 Qb8 13.Bxf6 Nxf6 14.exd5 Nxd5 
15.c4 Nf6 16.Ne4 Nxe4 17.Bxe4 Bb7 18.Bxb7 Qxb7 19.Qg4 Qb8 20.Qxg7 Ke7 21.
Nd4 Qg8 22.Nc6+ Kd7 23.Qd4+ Kxc6 24.Qxf4 Qg6 25.b4 Rad8 26.Rac1 Rhg8 27.
Qf3+ Kc7 28.c5 Rd5 29.cxb6+ Kxb6 30.Kg1 Qg4 31.Rc3 Qxf3 32.Rxf3 Rd7 33.Rc1
Rg4 1/2-1/2

[Event "XI Weekend A"]
[Site "Ceriano Laghetto ITA"]
[Date "2002.02.03"]
[Round "6"]
[White "Di Lazzaro, Gabriele"]
[Black "Dal Zovo, Claudio"]
[Result "1-0"]
[WhiteElo "1841"]
[BlackElo "1804"]
[PlyCount "115"]
[EventDate "2002.01.26"]

1.Nf3 d5 2.g3 c5 3.Bg2 Nc6 4.d4 Bf5 5.O-O Nf6 6.dxc5 e5 7.c4 d4 8.Qa4 Qd7 
9.b4 e4 10.Nfd2 Be7 11.Bb2 O-O 12.a3 a6 13.Rd1 Rfd8 14.Nf1 Qe6 15.Qb3 Ng4 
16.Nbd2 Rd7 17.f3 Nf6 18.fxe4 Nxe4 19.Nxe4 Bxe4 20.Bxe4 Qxe4 21.Qd3 f5 22.
Qxe4 fxe4 23.Ne3 Rad8 24.Nd5 Bf6 25.Nxf6+ gxf6 26.Rac1 Kf7 27.Rf1 Ne5 28.
Rf4 e3 29.Rcf1 Nxc4 30.Rxf6+ Kg7 31.Bc1 Ne5 32.Re6 Ng4 33.Bb2 Nf2 34.Rxe3 
Kg6 35.Rf3 Ne4 36.Rd3 Ng5 37.Rfd1 Re7 38.Kf1 Rde8 39.Re1 Rf7+ 40.Kg2 Rfe7 
41.Bxd4 Rxe2+ 42.Rxe2 Rxe2+ 43.Bf2 Ne4 44.Kf3 Rxf2+ 45.Kxe4 Rxh2 46.Rd7 
Ra2 47.Rxb7 Rxa3 48.c6 Rxg3 49.Kd4 Rg1 50.c7 Rc1 51.Kd5 Kf6 52.Rb6+ Ke7 
53.Rc6 Rd1+ 54.Ke4 Re1+ 55.Kf3 Rf1+ 56.Kg2 Rf8 57.c8=Q Rxc8 58.Rxc8 1-0

[Event "XI Weekend A"]
[Site "Ceriano Laghetto ITA"]
[Date "2002.02.03"]
[Round "6"]
[White "Genovese, Maurizio"]
[Black "Gagliardi, Christian"]
[Result "1/2-1/2"]
[WhiteElo "2280"]
[BlackElo "2133"]
[PlyCount "82"]
[EventDate "2002.01.26"]

1.d4 Nf6 2.c4 g6 3.Nc3 Bg7 4.e4 d6 5.f4 O-O 6.Nf3 Na6 7.e5 Ne8 8.Be3 Bg4 
9.Be2 c5 10.O-O cxd4 11.Bxd4 dxe5 12.Bxe5 Nf6 13.h3 Bd7 14.a3 Nb8 15.Nd5 
Nc6 16.Nxf6+ exf6 17.Bc3 Qb6+ 18.Kh1 Rad8 19.Qe1 Rfe8 20.Qf2 Qe3 21.Qxe3 
Rxe3 22.Rae1 Rde8 23.Bd1 Rxe1 24.Rxe1 Rxe1+ 25.Nxe1 Bh6 26.Bxf6 Bxf4 27.
Nd3 Bd6 28.b4 Kf8 29.c5 Be7 30.Bc3 Be6 31.Bf3 a6 32.Nf4 Bc8 33.Kg1 h5 34.
Kf2 Bg5 35.Nd3 Ke7 36.Ne5 Nxe5 37.Bxe5 Bc1 38.a4 Ba3 39.Bd6+ Ke6 40.b5 
axb5 41.axb5 b6 1/2-1/2

[Event "XI Weekend A"]
[Site "Ceriano Laghetto ITA"]
[Date "2002.02.03"]
[Round "6"]
[White "Pace, Pietro Dario"]
[Black "Zacco, Remo"]
[Result "1-0"]
[WhiteElo "2116"]
[BlackElo "1821"]
[PlyCount "91"]
[EventDate "2002.01.26"]

1.e4 e5 2.Nf3 Nc6 3.Bb5 a6 4.Ba4 d6 5.O-O Bd7 6.c3 Nge7 7.d4 Ng6 8.d5 Nb8 
9.Bc2 Be7 10.c4 O-O 11.Be3 a5 12.Nc3 Na6 13.a3 c5 14.dxc6 bxc6 15.Rb1 Rb8 
16.Na2 Bg4 17.h3 Be6 18.Qd3 f5 19.Qe2 f4 20.Bd2 Nh4 21.b3 Qc8 22.Nxh4 Bxh4
23.Qh5 Bd8 24.Qf3 Rf6 25.Rfc1 Rg6 26.Kf1 a4 27.Bd1 axb3 28.Rxb3 Rxb3 29.
Qxb3 Nc5 30.Qf3 Qa6 31.Nb4 Qa8 32.Nd3 Bb6 33.Bb4 Qa7 34.Nxc5 Bxc5 35.Bxc5 
Qxc5 36.Qb3 Rf6 37.Be2 Rf8 38.Qb4 Qd4 39.Bf3 c5 40.Qb3 Ra8 41.Kg1 h5 42.
Bxh5 Kh7 43.a4 Kh6 44.Bf3 Kg5 45.Qb7 Rg8 46.Qe7+ 1-0